000 01203nab a2200205 i 4500
001 768714001
003 CO-MdFUSB
005 20260310201120.0
008 240502t1966 sp ||||| |||| 00| 0 spa d
040 _bspa
_cCO-MdFUSB
_dCO-MdFUSB
041 _aspa
100 _aBourke, Joseph,
_eautor
245 3 _aEl Jesús de la historia y el Cristo del kerigma
_c/ Joseph Bourke
520 _aLa “búsqueda del Jesús histórico” es un término que ha ganado popularidad en los últimos tiempos, ya que implica encontrar la historia y biografía de Jesús tal como se le conoce. Se demostró que es imposible reconstruir la historia de Jesús a partir del Nuevo Testamento. En estos escritos, Jesús no es el único objeto de estudio científicamente aceptable; es más bien la fe de los primeros cristianos en Jesús y las interpretaciones que daban a otros acerca de Él.
650 7 _aTeología dogmática
_96937
650 7 _aBiblia y unidad cristiana
_97330
773 0 _049450
_982569
_oR2501
_tRevista internacional de teología Concilium
_w(CO-MdFUSB)8
_x0210-1041
_gNúmero 11, (enero, 1966), páginas: 29 - 50
_qpágina: 29
942 _cANA
945 _aCatherine Arias Álvarez practicante SENA
999 _c69477
_d69477